000 00446nam a22001577a 4500
005 20240108141142.0
008 190527b xxu||||| |||| 00| 0 eng d
020 _a978-93-86943-99-6
041 _aeng
100 _aGOKHALE, S.B.,PATWARDHAN,S.K.,AND YADAV ,K.S.BODAS
_98316
245 _aANALYTICAL PHARMACOGNOSY AND EXTRACTION TECHNOLOGY (SEM-V)
250 _a2nd Ed. 2018
260 _aPUNE
_bNIRALI PRAKASHAN
300 _a1.2p,
942 _cBK
999 _c5858
_d5856